000 00368nam a2200145Ia 4500
008 090124s9999 xx 000 0 und d
082 _b133878
_a103351
245 _a भूमिका
250 _a1
260 _bवैद्य अनुराधा
_c2006
300 _a155
630 _a भूमिका
730 _a भूमिका
942 _cBOOK
999 _c180189
_d180189